| 000 | 01071nam0a22002891 4500 | ||
|---|---|---|---|
| 001 | rc\224989 | ||
| 005 | 20250621003533.0 | ||
| 010 |
_a5-8272-0676-2 _97000 |
||
| 035 | _a(NLR Aleph) 005478676 | ||
| 090 |
_a5106384 _c5106384 |
||
| 100 | _a20030307d1990 |||y0rusy50 ca | ||
| 101 | 0 | _arus | |
| 102 | _aRU | ||
| 105 | _aa ||||||||| | ||
| 200 | 1 |
_aТрудная дорога _e(Роман, повести) _e[Пер. с каракалп.] _fСапар Хожаниязов |
|
| 210 |
_aНукус _cКаракалпакстан _d1990 |
||
| 215 |
_a326, [2] с. _cпортр. _d21 |
||
| 327 | 1 | _aСодерж.: Трудная дорога: Роман; Повести: Кумар; Поэма о чести | |
| 464 | 0 |
_12001#$aТрудная дорога _tТрудная дорога |
|
| 464 | 0 |
_12001#$aКумар _tКумар |
|
| 464 | 0 |
_12001#$aПоэма о чести _tПоэма о чести |
|
| 700 | 1 |
_aХожаниязов _bС. _gСапар |
|
| 801 | 0 |
_aRU _bNLR _gpsbo |
|
| 801 | 1 |
_aRU _bELAR _2rusmarc |
|
| 852 |
_aNLR _j90-3/9992 |
||
| 942 | _cBOOK | ||
| 980 | _aNB | ||